载入...

Trace Elements in Biochemistry

书目详细资料
主要作者: H J M Bowen
格式: Printed Book
语言:Undetermined
出版: Academic press 1966
London
主题:
LEADER 00605nam a2200229Ia 4500
008 141122s9999 xx 000 0 und d
040 |c . 
041 |a English 
082 |a 572 
082 |b BOW/TR 
100 |a H J M Bowen 
245 |a Trace Elements in Biochemistry 
245 |c H J M Bowen 
260 |b Academic press 
260 |b London 
260 |c 1966 
300 |a 241 Pages 
500 |a closed 
650 |a Biochemistry 
942 |c BK 
999 |c 12660  |d 12660 
952 |0 0  |1 0  |4 0  |6 572_000000000000000_BOWTR  |7 0  |9 12496  |a COVAS  |b COVAS  |d 0000-00-00  |o 572 BOW/TR  |p 3848  |r 2014-11-26  |w 2014-11-26  |y BK